| 000 | 01973nam a22002417a 4500 | ||
|---|---|---|---|
| 999 |
_c58520 _d58520 |
||
| 003 | Ge_BSU | ||
| 005 | 20220517134532.0 | ||
| 008 | 220517s2021 ge ||||| |||| 00| 0 geo d | ||
| 020 | _a9789941259135 | ||
| 041 | _ageo | ||
| 080 | _a343.23 ს-82 | ||
| 245 |
_aსტატისტიკური მიზნებისათვის დანაშაულის საერთაშორისო კლასიფიკაციებთან საქართველოს სისხლის სამართლის კოდექსით გათვალისწინებული დანაშაულების შესაბამისობა : _b[სახელმძღვანელო] / _c[მომზადებაში მონაწილეობდნენ: ირაკლი მინაშვილი, ეკატერინე ხარებავა, სალომე კვირკველია [და სხვა]; საქართველოს პროკურატურა. |
||
| 264 |
_aთბილისი : _bმერიდიანი, _c2021. |
||
| 300 |
_a608 გვ. ; _b28,5 სმ. |
||
| 500 | _aთავფურცლის მე-3 გვერდი ინგლისურ ენაზე. სახელმძღვანელო შექმნილია ევროკავშირის დახმარებით. | ||
| 653 | _aსამართალი | ||
| 700 |
_aმინაშვილი, ირაკლლი. _eავტორი _913752 |
||
| 700 |
_aხარებავა, ეკატერინე. _eავტორი _913753 |
||
| 700 |
_aკვირკველია, სალომე. _eავტორი _913754 |
||
| 700 |
_aმუხიაშვილი, ნათია. _eავტორი _913755 |
||
| 710 |
_aსაქართველოს პროკურატურა _913756 |
||
| 942 |
_2udc _cBK |
||